000 00220 a2200097 4500
001 9003
100 _aPepper F S
245 _aH Book of 20th Century Quaatioms
260 _a
_bSpheare Preference
_c
090 _c7189
_d7189
942 _aNUST-CAE
_cM
_c33810
999 _c244076
_d244076